Produktivita zdrojov v krajinách EÚ

Enregistré dans:
Détails bibliographiques
Auteur principal: Sodomová, Eva
Format: Chapitre de livre
Langue:slovaque
Sujets:
Tags: Ajouter un tag
Pas de tags, Soyez le premier à ajouter un tag!

MARC

LEADER 00000naa$a2200000$$$4500
001 0179974
005 20240502073047.8
041 0 |a slo 
044 |a SK 
245 1 0 |a Produktivita zdrojov v krajinách EÚ  |c Eva Sodomová 
500 |a Abstrakt 
610 2 0 |a produktivita 
610 2 0 |a hodnota pridaná 
610 2 0 |a spotreba materiálu 
610 2 0 |a Európska únia 
100 1 |a Sodomová, Eva